[Event "Summer Prague Open 2020 - A"]
[Site "Olympik hotel, Sokolovska 138, Praha"]
[Date "2020.08.11"]
[Round "5"]
[Board "20"]
[White "Zdechovsky, Tobias"]
[Black "Mukashev, Assan"]
[Result "0-1"]
[WhiteElo "1932"]
[BlackElo "2207"]
[PlyCount "56"]
[EventDate "2020.08.08"]
[EventRounds "9"]
[EventCountry "CZE"]

1. d4 Nf6 2. Bg5 Ne4 3. Bf4 c5 4. f3 Nf6 5. d5 Qb6 6. Bc1 e6 7. c4 Qb4+ 8. Nc3
Qxc4 9. e4 Qb4 10. Bd2 Qb6 11. Rc1 d6 12. b4 cxb4 13. Nb5 Na6 14. Bxb4 Nxb4 15.
Nc7+ Kd8 16. Nxa8 Qe3+ 17. Be2 Nd3+ 18. Qxd3 Qxc1+ 19. Bd1 Bd7 20. Qd4 Qc5 21.
Qxc5 dxc5 22. Nh3 Bd6 23. O-O Ke7 24. f4 Nxe4 25. dxe6 fxe6 26. Re1 Nf6 27. Bb3
Rxa8 28. Ng5 Bxf4  0-1

[Event "Summer Prague Open 2020 - A"]
[Site "Olympik hotel, Sokolovska 138, Praha"]
[Date "2020.08.11"]
[Round "5"]
[Board "21"]
[White "Toman, Jan"]
[Black "Stinka, Jakub"]
[Result "1/2-1/2"]
[WhiteElo "2085"]
[BlackElo "2299"]
[PlyCount "39"]
[EventDate "2020.08.08"]
[EventRounds "9"]
[EventCountry "CZE"]

1. Nf3 Nf6 2. g3 d5 3. Bg2 Bf5 4. O-O e6 5. d3 h6 6. Nbd2 Be7 7. b3 O-O 8. Bb2
c5 9. Qe1 Nc6 10. e4 Bh7 11. Qe2 b5 12. a4 a6 13. Rfe1 Qc7 14. exd5 exd5 15.
Ne5 Nd4 16. Qd1 Rfe8 17. axb5 axb5 18. Rxa8 Rxa8 19. c3 Ne6 20. c4  1/2-1/2

[Event "Summer Prague Open 2020 - A"]
[Site "Olympik hotel, Sokolovska 138, Praha"]
[Date "2020.08.11"]
[Round "5"]
[Board "22"]
[White "Froeyman, Helmut"]
[Black "Hagner, Bennet"]
[Result "1-0"]
[WhiteElo "2281"]
[BlackElo "2096"]
[PlyCount "67"]
[EventDate "2020.08.08"]
[EventRounds "9"]
[EventCountry "CZE"]

1. e4 e5 2. Nf3 Nc6 3. Bb5 a6 4. Ba4 Nf6 5. O-O Be7 6. Re1 b5 7. Bb3 d6 8. c3
O-O 9. h3 Bb7 10. d4 Re8 11. Nbd2 Bf8 12. a3 h6 13. Bc2 Nb8 14. b4 Nbd7 15. Bb2
c6 16. a4 Qb6 17. Bd3 Rad8 18. Qc2 Nh5 19. c4 Nf4 20. Bf1 Ng6 21. axb5 axb5 22.
cxb5 cxb5 23. Ra5 Ba6 24. Rea1 Nb8 25. Qb3 exd4 26. Bxd4 Qb7 27. Qa3 d5 28. e5
Re6 29. Nb3 Rc8 30. Bc5 Ne7 31. Nfd4 Rcc6 32. Nxc6 Rxc6 33. Nd4 Rg6 34. Bd6  1-0

[Event "Summer Prague Open 2020 - A"]
[Site "Olympik hotel, Sokolovska 138, Praha"]
[Date "2020.08.11"]
[Round "5"]
[Board "23"]
[White "Sprenar, Petr"]
[Black "Bakiev, Diyor"]
[Result "1-0"]
[WhiteElo "2257"]
[BlackElo "2098"]
[PlyCount "69"]
[EventDate "2020.08.08"]
[EventRounds "9"]
[EventCountry "CZE"]

1. d4 Nf6 2. c4 c5 3. d5 e6 4. Nc3 exd5 5. cxd5 d6 6. Bf4 g6 7. Qd2 a6 8. Nf3
b5 9. a3 Bb7 10. e4 b4 11. axb4 cxb4 12. Na4 Qe7 13. Nb6 Bg7 14. Qxb4 Nxd5 15.
Nxd5 Bxd5 16. Bd3 Nc6 17. Qa4 Bxb2 18. O-O Bxa1 19. exd5 O-O 20. Qxa1 Ne5 21.
Nxe5 dxe5 22. Bxe5 a5 23. Bb5 f6 24. Bg3 Rfd8 25. d6 Qf7 26. Rc1 Rac8 27. Rxc8
Rxc8 28. d7 Ra8 29. Bc6 Rf8 30. Bd6 Rd8 31. Qxa5 Rxd7 32. Qa8+ Kg7 33. Qf8+
Qxf8 34. Bxf8+ Kxf8 35. Bxd7  1-0

[Event "Summer Prague Open 2020 - A"]
[Site "Olympik hotel, Sokolovska 138, Praha"]
[Date "2020.08.11"]
[Round "5"]
[Board "24"]
[White "Mitrandzas, Athanasios"]
[Black "Kusa, Jakub"]
[Result "1/2-1/2"]
[WhiteElo "2076"]
[BlackElo "2239"]
[PlyCount "101"]
[EventDate "2020.08.08"]
[EventRounds "9"]
[EventCountry "CZE"]

1. c4 Nf6 2. g3 c5 3. Bg2 d5 4. cxd5 Nxd5 5. Nc3 Nc7 6. Nf3 Nc6 7. a3 g6 8. O-O
Bg7 9. d3 O-O 10. Ng5 Bd7 11. Nge4 b6 12. Rb1 Rc8 13. Bd2 Ne6 14. b4 cxb4 15.
axb4 f5 16. Ng5 Nxg5 17. Bxg5 Nxb4 18. Qb3+ Kh8 19. Qxb4 Bxc3 20. Bxe7 Bxb4 21.
Bxd8 Bc3 22. Be7 Rfe8 23. Bg5 Rxe2 24. Bb7 Rb8 25. Bf3 Ree8 26. Rfc1 Be5 27. d4
Bd6 28. Bc6 Bxc6 29. Rxc6 Be7 30. Bf4 Rbc8 31. Rbc1 Rxc6 32. Rxc6 Kg8 33. Rc7
Bf6 34. d5 Rd8 35. d6 g5 36. Be3 Rxd6 37. Rxa7 b5 38. h3 h6 39. Rb7 Rd5 40. Kg2
Bg7 41. Kf3 Bf8 42. Ke2 b4 43. Bd2 Rd4 44. Be3 Rc4 45. Kd3 Rc3+ 46. Kd4 Bc5+
47. Ke5 Bxe3 48. fxe3 Rxe3+ 49. Kf6 b3 50. Rb8+ Kh7 51. Rb7+  1/2-1/2

[Event "Summer Prague Open 2020 - A"]
[Site "Olympik hotel, Sokolovska 138, Praha"]
[Date "2020.08.11"]
[Round "5"]
[Board "26"]
[White "Defromont, Benjamin"]
[Black "Lys, Josef"]
[Result "1-0"]
[WhiteElo "2236"]
[BlackElo "2059"]
[PlyCount "137"]
[EventDate "2020.08.08"]
[EventRounds "9"]
[EventCountry "CZE"]

1. e4 c5 2. Nf3 Nc6 3. Bb5 d6 4. O-O Bd7 5. Re1 e6 6. c3 Nf6 7. d4 cxd4 8. cxd4
Be7 9. Nc3 O-O 10. d5 exd5 11. exd5 Nb4 12. Bxd7 Nxd7 13. a3 Na6 14. Bf4 Re8
15. Nd4 Bf8 16. Qg4 Nf6 17. Qf3 Qd7 18. Bg5 Rxe1+ 19. Rxe1 Re8 20. Re2 Rxe2 21.
Qxe2 Ne8 22. Ndb5 Nec7 23. Be3 Qf5 24. Nxc7 Nxc7 25. Qc4 Ne8 26. Bxa7 Qc2 27.
Qe2 Qc1+ 28. Nd1 Nf6 29. Qd3 g6 30. g3 Bh6 31. Kg2 Bd2 32. Ne3 Bxe3 33. Bxe3
Qc8 34. b4 Qa8 35. Qd4 Ne8 36. Qd3 h5 37. Bc1 b6 38. Bb2 Nc7 39. Qc3 Qxd5+ 40.
f3 Qe5 41. Qxe5 dxe5 42. Bxe5 Nd5 43. Kf2 f6 44. Bd4 b5 45. Ke2 Kf7 46. Kd2 Ne7
47. Kc2 Nc6 48. Bc3 f5 49. Kb3 Ke6 50. a4 bxa4+ 51. Kxa4 Kd5 52. b5 Nd8 53. Ka5
Kc4 54. Bb4 Nb7+ 55. Ka4 Kd5 56. f4 Kc4 57. Be7 Kd5 58. Kb4 Ke6 59. Bc5 Kd5 60.
Bf8 Ke6 61. Kc4 Kd7 62. Kd5 Na5 63. Ke5 Nb3 64. Bb4 Nc1 65. Kf6 Nd3 66. Bc3 h4
67. Kxg6 hxg3 68. hxg3 Ke6 69. Bd4  1-0

[Event "Summer Prague Open 2020 - A"]
[Site "Olympik hotel, Sokolovska 138, Praha"]
[Date "2020.08.11"]
[Round "5"]
[Board "27"]
[White "Frank, Adam"]
[Black "Jun, Rudolf"]
[Result "1/2-1/2"]
[WhiteElo "2219"]
[BlackElo "2094"]
[PlyCount "113"]
[EventDate "2020.08.08"]
[EventRounds "9"]
[EventCountry "CZE"]

1. e4 e6 2. d4 d5 3. Nd2 Nf6 4. e5 Nfd7 5. Bd3 c5 6. c3 Nc6 7. Ne2 cxd4 8. cxd4
f6 9. exf6 Nxf6 10. O-O Bd6 11. Nf3 Qc7 12. g3 O-O 13. Bf4 Bd7 14. Rc1 Ne4 15.
Bxe4 dxe4 16. Ne5 Bxe5 17. Bxe5 Qb6 18. Bd6 Rf3 19. Bc5 Qxb2 20. Rb1 Qxa2 21.
Rxb7 Bc8 22. Rc7 Ba6 23. Nc1 Qd5 24. Re1 Bc4 25. Qc2 Bb5 26. Qxe4 Qxe4 27. Rxe4
Rc3 28. Ne2 Bxe2 29. Rxe2 Rc1+ 30. Kg2 Nxd4 31. Rb2 e5 32. Rxa7 Rxa7 33. Bxa7
Kf7 34. Bxd4 exd4 35. Rd2 Rc4 36. Kf3 Kf6 37. Ke4 Rc1 38. Rxd4 h6 39. h4 Rc5
40. f4 Rc6 41. h5 Rc5 42. g4 Rc1 43. Rd6+ Ke7 44. Rd5 Kf6 45. g5+ hxg5 46.
fxg5+ Ke6 47. Re5+ Kf7 48. Rf5+ Ke6 49. Re5+ Kf7 50. g6+ Kf6 51. Rf5+ Ke6 52.
Ra5 Kf6 53. Rf5+ Ke6 54. Ra5 Kf6 55. Ra6+ Kg5 56. Ra5+ Kf6 57. Rf5+  1/2-1/2

[Event "Summer Prague Open 2020 - A"]
[Site "Olympik hotel, Sokolovska 138, Praha"]
[Date "2020.08.11"]
[Round "5"]
[Board "28"]
[White "Mueer, Sebastian"]
[Black "Fojt, Petr"]
[Result "1-0"]
[WhiteElo "2210"]
[BlackElo "2050"]
[PlyCount "99"]
[EventDate "2020.08.08"]
[EventRounds "9"]
[EventCountry "CZE"]

1. c4 c5 2. Nc3 e6 3. Nf3 d5 4. cxd5 exd5 5. d4 Nc6 6. g3 Nf6 7. Bg2 Be7 8. O-O
O-O 9. b3 cxd4 10. Nxd4 Bc5 11. Nxc6 bxc6 12. Bb2 Re8 13. Na4 Bd6 14. Rc1 Ba6
15. Bf3 Bb5 16. Nc5 Qe7 17. Bxf6 gxf6 18. Nd3 Qd7 19. a4 Ba6 20. Nc5 Bxc5 21.
Rxc5 Re5 22. Qc2 Rae8 23. Re1 Bb7 24. Rd1 Qe7 25. Rd4 f5 26. b4 Qd6 27. e3 a6
28. Be2 Re4 29. Qd2 Rxd4 30. Qxd4 Re4 31. Qd2 Qf6 32. Bd3 Re6 33. Qc3 Qxc3 34.
Rxc3 Re5 35. Rc5 f6 36. Ra5 d4 37. Rxe5 fxe5 38. exd4 e4 39. Bc4+ Kg7 40. Kf1
Kf6 41. Ke2 Kg5 42. Ke3 Bc8 43. Be2 h6 44. h4+ Kf6 45. Kf4 Ke6 46. Bc4+ Kd6 47.
a5 Be6 48. Bxa6 Kc7 49. Ke5 Bd7 50. Bc4  1-0

[Event "Summer Prague Open 2020 - A"]
[Site "Olympik hotel, Sokolovska 138, Praha"]
[Date "2020.08.11"]
[Round "5"]
[Board "29"]
[White "Barcelo Sola, David"]
[Black "Jedlicka, Ales"]
[Result "1/2-1/2"]
[WhiteElo "2022"]
[BlackElo "2207"]
[PlyCount "77"]
[EventDate "2020.08.08"]
[EventRounds "9"]
[EventCountry "CZE"]

1. e4 c5 2. Nf3 Nc6 3. Bb5 g6 4. O-O Bg7 5. Re1 Nf6 6. c3 O-O 7. d4 cxd4 8.
cxd4 d5 9. e5 Ne4 10. Nc3 Bf5 11. Bd3 Nxc3 12. bxc3 Qd7 13. Rb1 b6 14. Ba3 Rfe8
15. Ng5 Bxd3 16. Qxd3 Qg4 17. Bc1 f6 18. Qb5 Nxe5 19. dxe5 fxg5 20. Qxd5+ e6
21. Qd4 Qf5 22. Ba3 Red8 23. Bd6 Rac8 24. Rbd1 Qc2 25. Rc1 Qf5 26. Qa4 Qf7 27.
Re3 h6 28. Rf3 Qb7 29. h4 gxh4 30. Qg4 Kh7 31. Qxe6 Re8 32. Qb3 h3 33. Rxh3
Bxe5 34. Rf3 Bg7 35. Qf7 Qxf7 36. Rxf7 Rc6 37. Bg3 Kg8 38. Rxa7 Bxc3 39. Bf4
 1/2-1/2

[Event "Summer Prague Open 2020 - A"]
[Site "Olympik hotel, Sokolovska 138, Praha"]
[Date "2020.08.11"]
[Round "5"]
[Board "30"]
[White "Gorkiewicz, Mateusz"]
[Black "Kratochvil, Vit"]
[Result "0-1"]
[WhiteElo "1895"]
[BlackElo "2205"]
[PlyCount "84"]
[EventDate "2020.08.08"]
[EventRounds "9"]
[EventCountry "CZE"]

1. e4 c5 2. Nf3 g6 3. d4 cxd4 4. Nxd4 Bg7 5. Nc3 Nc6 6. Nde2 d6 7. g3 Bd7 8.
Bg2 Qc8 9. Be3 Nf6 10. h3 O-O 11. Nf4 Rb8 12. a4 Re8 13. g4 h6 14. O-O b6 15.
Ncd5 Na5 16. c3 Nxd5 17. exd5 a6 18. Be4 Nc4 19. Qc2 Nxe3 20. fxe3 Rf8 21. Qe2
b5 22. axb5 Bxb5 23. Bd3 Qc5 24. Bxb5 axb5 25. Rfd1 Rfc8 26. Qf2 Qc4 27. Ra7
Bf6 28. Qe2 Qc5 29. Ra6 b4 30. cxb4 Qxb4 31. Rd2 Rc1+ 32. Rd1 Qxb2 33. Qf1 Rxd1
34. Qxd1 Rc8 35. Rc6 Ra8 36. Nd3 Qb5 37. Nc1 Qb4 38. Qe2 Qe4 39. Qd2 Qf3 40.
Rc2 Qxh3 41. Qe2 Ra4 42. Rc8+ Kg7  0-1

[Event "Summer Prague Open 2020 - B"]
[Site "Olympik hotel, Sokolovska 138,"]
[Date "2020.08.11"]
[Round "5"]
[White "Leitgeb, Julian"]
[Black "Vargas Drechsler, Carlos"]
[Result "1-0"]
[WhiteElo "1470"]
[BlackElo "1829"]
[Annotator "Stanice"]
[PlyCount "85"]
[EventDate "2020.08.08"]

1. e4 e5 2. Nf3 Nc6 3. Bb5 a6 4. Ba4 Nf6 5. O-O Nxe4 6. d4 b5 7. Bb3 d5 8. dxe5
Be6 9. Nbd2 Nc5 10. c3 d4 11. Bxe6 Nxe6 12. cxd4 Ncxd4 13. Ne4 Be7 14. Be3 Nf5
15. Qc2 Nxe3 16. Qc6+ Kf8 17. fxe3 Qe8 18. Rac1 Qxc6 19. Rxc6 Ke8 20. Nd4 Nxd4
21. exd4 Kd7 22. d5 Rhf8 23. Rfc1 Rfc8 $11 24. Kf2 a5 25. Ke3 a4 26. Kd4 b4 27.
g4 b3 28. a3 h6 29. h3 Rab8 30. Ra6 Ra8 31. Rac6 Rab8 32. Rf1 Rf8 33. Ra6 Rb5
34. Rxa4 f6 35. e6+ Kc8 36. Ra8+ Kb7 37. Rxf8 Bxf8 38. Rc1 Be7 39. Ng3 f5 40.
Nxf5 Bf6+ 41. Ke4 Kb6 42. Rd1 Bxb2 43. e7 1-0

[Event "Summer Prague Open 2020 - B"]
[Site "Olympik hotel, Sokolovska 138,"]
[Date "2020.08.11"]
[Round "5"]
[White "Kievelitz, Bernd"]
[Black "Krupansky, Jaromir"]
[Result "1/2-1/2"]
[WhiteElo "1848"]
[BlackElo "1661"]
[PlyCount "112"]
[EventDate "2020.08.08"]

1. Nf3 d5 2. d4 Nc6 3. c4 Bg4 4. Nc3 e6 5. e3 Nge7 6. a3 g6 7. h3 Bxf3 8. Qxf3
Bg7 9. Bd3 O-O 10. cxd5 exd5 11. b4 Re8 12. O-O Nb8 13. Rb1 a6 14. Bd2 c6 15.
a4 Nd7 16. a5 Nc8 17. Na4 Nd6 18. Rfc1 Ne4 19. Be1 f5 20. Nc5 Rb8 21. Qd1 Qe7
22. Be2 Ndf6 23. Qb3 f4 24. Bf3 Nxc5 25. bxc5 fxe3 26. fxe3 Qxe3+ 27. Bf2 Qxb3
28. Rxb3 Ne4 29. Bxe4 Rxe4 30. Rb4 Bh6 31. Rcb1 Bd2 32. Rxb7 Rxb7 33. Rxb7 Bxa5
34. Ra7 Bc3 35. Rxa6 Re6 36. Ra3 Bd2 37. Ra2 Bf4 38. g3 Bg5 39. Kg2 h5 40. Ra7
Be7 41. g4 hxg4 42. hxg4 Bf6 43. Rc7 Bg7 44. Kf3 Rf6+ 45. Ke2 Bh6 46. Bg3 Re6+
47. Be5 Bf4 48. Rg7+ Kf8 49. Rc7 Bxe5 50. dxe5 Rxe5+ 51. Kd3 Re6 52. g5 Ke8 53.
Kd4 Kd8 54. Rg7 Kc8 55. Kd3 Kb8 56. Kd4 Kc8 1/2-1/2

[Event "Summer Prague Open 2020 - B"]
[Site "Olympik hotel, Sokolovska 138,"]
[Date "2020.08.11"]
[Round "5"]
[White "Pejrimovska, Viola Ruby"]
[Black "Svanda, Adam"]
[Result "0-1"]
[WhiteElo "1569"]
[BlackElo "1852"]
[PlyCount "112"]
[EventDate "2020.08.08"]

1. e4 d5 2. exd5 Qxd5 3. Nc3 Qd6 4. d4 Nf6 5. Nf3 a6 6. g3 Bg4 7. Bg2 Nc6 8. h3
Bh5 9. O-O O-O-O 10. Bf4 Qb4 11. g4 Bg6 12. a3 Qxb2 13. Qe1 Bxc2 14. Ra2 Qb3
15. Qa1 e6 16. Nd2 Qb6 17. Rxc2 Qxd4 18. Be3 Qd3 19. Qb2 Bxa3 20. Qb3 Nb4 21.
Ra2 Nxa2 22. Qxb7+ Kd7 23. Bc6+ Ke7 24. Qxc7+ Nd7 25. Nd5+ exd5 26. Bg5+ f6 27.
Re1+ Kf7 28. Bxd7 Rxd7 29. Qxd7+ Kg6 30. h4 Rf8 31. h5+ Kxg5 32. Qxg7+ Kh4 33.
Re3 Qxd2 34. Kg2 Qxe3 35. fxe3 Nc3 36. Kf3 Ne4 37. Qa7 f5 38. g5 Nxg5+ 39. Kg2
Kxh5 40. Qxa6 Be7 41. Qb7 Bf6 42. Qxd5 Kg6 43. Kg3 Re8 44. Kg2 Rxe3 45. Qg8+
Kh5 46. Kf2 Rf3+ 47. Kg2 Kg4 48. Qc4+ Rf4 49. Qe2+ Nf3 50. Qe6 Bg5 51. Qe3 h5
52. Qe2 h4 53. Kf2 h3 54. Kf1 Re4 55. Qa2 Re1+ 56. Kf2 Bh4# 0-1

[Event "Summer Prague Open 2020 - B"]
[Site "Olympik hotel, Sokolovska 138,"]
[Date "2020.08.11"]
[Round "5"]
[White "Karlsson, Henrik 1974"]
[Black "Klimek, Petr"]
[Result "1/2-1/2"]
[WhiteElo "1687"]
[BlackElo "1833"]
[PlyCount "52"]
[EventDate "2020.08.08"]

1. e4 e5 2. Nf3 Nc6 3. d4 exd4 4. Nxd4 Nf6 5. Nc3 Bb4 6. Nxc6 bxc6 7. Bd3 d5 8.
exd5 cxd5 9. Qe2+ Qe7 10. Qxe7+ Bxe7 11. Bb5+ Bd7 12. Bxd7+ Kxd7 13. O-O Rab8
14. Rb1 Bb4 15. Ne2 Rhe8 16. Ng3 Ne4 17. Be3 Nxg3 18. hxg3 c6 19. a3 Bd6 20.
Bxa7 Rb7 21. Be3 f6 22. b4 Bxg3 23. fxg3 Rxe3 24. Rf3 Re2 25. Rf2 Re3 26. Rf3
Re2 1/2-1/2

[Event "Summer Prague Open 2020 - B"]
[Site "Olympik hotel, Sokolovska 138,"]
[Date "2020.08.11"]
[Round "5"]
[White "Spanton, Tim R"]
[Black "Herter, Arne"]
[Result "1-0"]
[WhiteElo "1831"]
[BlackElo "1613"]
[PlyCount "85"]
[EventDate "2020.08.08"]

1. c4 Nf6 2. Nc3 g6 3. e4 d6 4. Nge2 Bg7 5. g3 Nc6 6. Bg2 O-O 7. O-O e5 8. f4
Nh5 9. f5 gxf5 10. exf5 Bd7 11. g4 Nf4 12. Nxf4 exf4 13. Ne2 Qh4 14. Rxf4 Be5
15. d4 Bxf4 16. Nxf4 Rae8 17. Bd2 Nxd4 18. Be1 Qf6 19. Nd5 Qe5 20. Nxc7 Rc8 21.
Nd5 Rxc4 22. Bh4 f6 23. Bxf6 Rxf6 24. Nxf6+ Qxf6 25. Bd5+ Be6 26. fxe6 Rc8 27.
Qf1 Qg6 28. Re1 Re8 29. Qf7+ Kh8 30. Qxg6 hxg6 31. Re4 Nf3+ 32. Kg2 Ng5 33. Re2
b6 34. h4 Nh7 35. g5 Re7 36. Kf3 Kg7 37. Kg4 Kf8 38. Re4 Rg7 39. Rc4 Ke7 40.
Kf4 b5 41. Rc7+ Kf8 42. Rxg7 Kxg7 43. e7 1-0

[Event "Summer Prague Open 2020 - B"]
[Site "Olympik hotel, Sokolovska 138,"]
[Date "2020.08.11"]
[Round "5"]
[White "Arnold, Frieda"]
[Black "Jankovsky, Zbynek"]
[Result "1-0"]
[WhiteElo "1789"]
[BlackElo "1579"]
[PlyCount "55"]
[EventDate "2020.08.08"]

1. e4 e6 2. d4 c5 3. c3 d5 4. Bd3 Nc6 5. Nf3 dxe4 6. Bxe4 Qc7 7. O-O Nf6 8. Bc2
cxd4 9. cxd4 Nd5 10. a3 Bd6 11. Nc3 Nxc3 12. bxc3 O-O 13. Re1 Ne7 14. Qd3 Ng6
15. h4 f5 16. Ng5 Qc6 17. Bb3 Rf6 18. d5 Qb6 19. dxe6 Be7 20. Ba2 h6 21. Be3
Qc7 22. Bd4 Nf4 23. Qb5 hxg5 24. Be5 Qb6 25. Qe8+ Rf8 26. Qxe7 Nh5 27. Bd4 Qc6
28. Qxg5 1-0

[Event "Summer Prague Open 2020 - B"]
[Site "Olympik hotel, Sokolovska 138,"]
[Date "2020.08.11"]
[Round "5"]
[White "Todaro, Adriano"]
[Black "Haubold, Christian Lucas"]
[Result "1-0"]
[WhiteElo "1765"]
[BlackElo "1572"]
[Annotator "Stanice"]
[PlyCount "93"]
[EventDate "2020.08.08"]

1. e4 e5 2. Nf3 Nc6 3. d4 exd4 4. Bc4 Bc5 5. c3 Nf6 6. e5 d5 7. Bb5 Ne4 8. cxd4
Bb6 9. Be3 O-O 10. Nc3 a6 11. Bxc6 Nxc3 12. bxc3 bxc6 13. O-O Bg4 14. h3 Bh5
15. Qd2 Bxf3 16. gxf3 f6 17. f4 Qd7 18. Kg2 Qf5 19. Qe2 Qe4+ 20. Kg3 fxe5 21.
fxe5 Rf5 22. Qg4 Qxg4+ 23. hxg4 Rff8 24. a4 Ba5 25. f4 Rab8 $11 26. Rab1 Kf7
27. f5 Ke7 28. Bd2 Kd7 29. Rh1 h6 30. g5 Rxb1 31. Rxb1 hxg5 32. Kg4 Rh8 33. e6+
Kc8 34. Kxg5 Rh6 35. Re1 Kd8 36. Re2 Ke8 37. Re3 Kd8 38. Be1 Bb6 39. Bg3 c5 40.
Be5 cxd4 41. cxd4 Ke8 42. Bxg7 Rh1 43. f6 Rg1+ 44. Kh6 Rh1+ 45. Kg6 Rg1+ 46.
Kh7 Rh1+ 47. Kg8 1-0

[Event "Summer Prague Open 2020 - B"]
[Site "Olympik hotel, Sokolovska 138,"]
[Date "2020.08.11"]
[Round "5"]
[White "Karlsson, Peter 1965"]
[Black "Lihotsky, Lukas"]
[Result "1/2-1/2"]
[WhiteElo "1759"]
[BlackElo "1529"]
[PlyCount "50"]
[EventDate "2020.08.08"]

1. e4 c6 2. d4 d5 3. exd5 cxd5 4. Bd3 Nf6 5. c3 Bg4 6. f3 Bh5 7. Ne2 Nbd7 8.
Ng3 Bg6 9. O-O e6 10. f4 Bxd3 11. Qxd3 g6 12. Nd2 Bg7 13. Nf3 O-O 14. Ne5 Qc7
15. Bd2 Rfc8 16. Qf3 Nb6 17. b3 Qe7 18. a4 a6 19. Rfc1 Ne8 20. a5 Nd7 21. c4
Nxe5 22. fxe5 Nc7 23. c5 Nb5 24. Qg4 f5 25. Qf4 h6 1/2-1/2

[Event "Summer Prague Open 2020 - B"]
[Site "Olympik hotel, Sokolovska 138,"]
[Date "2020.08.11"]
[Round "5"]
[White "Delaruelle, Christian"]
[Black "Hochscheidt, Lukas"]
[Result "1/2-1/2"]
[WhiteElo "1684"]
[BlackElo "1754"]
[PlyCount "66"]
[EventDate "2020.08.08"]

1. e4 g6 2. d4 Bg7 3. Nc3 c5 4. Nf3 cxd4 5. Nxd4 Nc6 6. Nxc6 bxc6 7. Bd3 Rb8 8.
O-O d6 9. f4 Nf6 10. e5 Ng4 11. Qf3 d5 12. h3 Qb6+ 13. Kh1 h5 14. Nd1 a5 15.
Be3 Nxe3 16. Nxe3 e6 17. b3 Bf8 18. Qg3 Ba6 19. c4 d4 20. Nd1 c5 21. Nf2 Bb7
22. Rae1 Be7 23. f5 gxf5 24. Bxf5 Kd7 25. Be4 Rbg8 26. Qf3 Bxe4 27. Nxe4 Rg7
28. Re2 Qc6 29. Ref2 Rhg8 30. Qe2 Ke8 31. Qf3 Kd7 32. Qe2 Ke8 33. Qf3 Kd7
1/2-1/2

[Event "Summer Prague Open 2020 - B"]
[Site "Olympik hotel, Sokolovska 138,"]
[Date "2020.08.11"]
[Round "5"]
[White "Bauer, Jan"]
[Black "Baecker, Daniel"]
[Result "1/2-1/2"]
[WhiteElo "1924"]
[BlackElo "1482"]
[Annotator "Stanice"]
[PlyCount "124"]
[EventDate "2020.08.08"]

1. e4 c5 2. Nc3 Nc6 3. f4 g6 4. Nf3 Bg7 5. Bc4 e6 6. d3 Nge7 7. O-O O-O 8. a4
d5 9. Ba2 Nd4 10. Ne2 Nxf3+ 11. Rxf3 dxe4 12. Rf1 exd3 13. cxd3 Qb6 14. Kh1 Nf5
15. Nc3 Rd8 16. Bc4 a6 17. Qg4 Qc6 18. Qg5 Bd7 19. Ne4 h6 20. Qg4 Rab8 21. a5
b5 22. axb6 Rxb6 23. h4 Bxb2 24. Bxb2 Rxb2 25. Rxa6 Rb6 26. Rfa1 Ne3 27. Qf3
Nxc4 28. Nf6+ Kg7 29. Nxd7 Qxd7 30. dxc4 Rxa6 31. Rxa6 Qd1+ 32. Qxd1 Rxd1+ 33.
Kh2 Rc1 34. Ra4 $11 Kf6 35. Kg3 Kf5 36. Ra7 f6 37. Ra4 Rc3+ 38. Kh2 Kxf4 39.
Ra6 Rxc4 40. Rxe6 Kf5 41. Rc6 g5 42. hxg5 hxg5 43. Kh3 g4+ 44. Kg3 Rc3+ 45. Kf2
g3+ 46. Ke2 c4 47. Kd2 Rd3+ 48. Ke2 Ra3 49. Rxc4 Kg5 50. Rd4 f5 51. Rc4 f4 52.
Rc8 Re3+ 53. Kf1 Re5 54. Rf8 Ra5 55. Ke2 Ra2+ 56. Kf1 Rf2+ 57. Kg1 Re2 58. Kf1
Re6 59. Rf7 Rf6 60. Ra7 f3 61. gxf3 Rxf3+ 62. Kg2 Rb3 1/2-1/2

[Event "Summer Prague Open 2020 - A"]
[Site "Olympik hotel, Sokolovska 138, Praha"]
[Date "2020.08.12"]
[Round "6"]
[Board "1"]
[White "Petr, Martin"]
[Black "Christiansen, Johan-Sebastian"]
[Result "1/2-1/2"]
[WhiteElo "2464"]
[BlackElo "2616"]
[PlyCount "74"]
[EventDate "2020.08.08"]
[EventRounds "9"]
[EventCountry "CZE"]

1. e4 e5 2. Nf3 Nc6 3. d4 exd4 4. Nxd4 Nf6 5. Nc3 Bc5 6. Nxc6 bxc6 7. Bd3 O-O
8. O-O Re8 9. Na4 Bf8 10. Qf3 h6 11. b3 Bd6 12. Bd2 Be5 13. Rae1 d5 14. Bf4 Bg4
15. Qg3 Nh5 16. Qxg4 Nxf4 17. g3 Nxd3 18. cxd3 Qd6 19. Re2 Bd4 20. Rfe1 dxe4
21. Rxe4 Rxe4 22. Qxe4 Rd8 23. Kg2 Bb6 24. Rc1 Qxd3 25. Qxd3 Rxd3 26. Nxb6 cxb6
27. Rxc6 Rd2 28. Rc8+ Kh7 29. Rc7 Rxa2 30. Rxf7 b5 31. Rb7 a6 32. Rb6 Ra3 33.
h4 h5 34. f3 Kg8 35. g4 hxg4 36. fxg4 Rxb3 37. Rxa6 Kh7  1/2-1/2

[Event "Summer Prague Open 2020 - A"]
[Site "Olympik hotel, Sokolovska 138, Praha"]
[Date "2020.08.12"]
[Round "6"]
[Board "17"]
[White "Skalsky, Alexandr"]
[Black "Ludvik, Tomas"]
[Result "0-1"]
[WhiteElo "2236"]
[BlackElo "2202"]
[PlyCount "132"]
[EventDate "2020.08.08"]
[EventRounds "9"]
[EventCountry "CZE"]

1. e4 e6 2. d4 d5 3. Nc3 Bb4 4. e5 c5 5. Bd2 Ne7 6. a3 Bxc3 7. Bxc3 b6 8. Bb5+
Kf8 9. Bd3 Ba6 10. f4 Bxd3 11. Qxd3 Nbc6 12. Nf3 Nf5 13. O-O h5 14. b4 cxd4 15.
Bxd4 Rc8 16. c3 g6 17. Rac1 Kg7 18. Rc2 Qd7 19. Rfc1 Nce7 20. Qd1 Rc4 21. g3
Rhc8 22. Rd2 Nxd4 23. Nxd4 Rxc3 24. Ra1 a6 25. g4 hxg4 26. Qxg4 Nc6 27. Ne2 Rc4
28. Ng3 Nxe5 29. Qe2 f6 30. fxe5 f5 31. Rad1 Qc7 32. Rd3 f4 33. Nf1 Re4 34.
Qxe4 dxe4 35. Rd7+ Kh6 36. Rxc7 Rxc7 37. Re1 e3 38. Nxe3 fxe3 39. Rxe3 Kg5 40.
Kg2 Kf4 41. Rg3 g5 42. Rd3 Rc2+ 43. Kg1 Kxe5 44. Re3+ Kf5 45. Rd3 Ra2 46. Rd6
Rxa3 47. Rxb6 e5 48. b5 axb5 49. Rxb5 Kf4 50. Rb8 Ra1+ 51. Kf2 Ra2+ 52. Kg1 e4
53. Rf8+ Ke3 54. Rg8 Kf3 55. Rf8+ Kg4 56. Re8 Re2 57. Rh8 Rd2 58. Re8 Kf3 59.
Rf8+ Ke2 60. Rf2+ Kd3 61. Rf5 e3 62. Rd5+ Ke4 63. Rxg5 Rd1+ 64. Kg2 e2 65. Rg8
e1=Q 66. Re8+ Kf5  0-1

[Event "Summer Prague Open 2020 - A"]
 [Site "Olympik hotel, Sokolovska 138,"]
 [Date "2020.08.12"]
 [Round "6"]
 [White "Kulhanek, Tomas"]
 [Black "Tirelli, Mauro"]
 [Result "1/2-1/2"]
  [WhiteElo "2339"]
 [BlackElo "2129"]
 [PlyCount "99"]
 [EventDate "2020.08.08"]

 1. e4 c5 2. Nf3 e6 3. c3 Nc6 4. d4 cxd4 5. cxd4 d5 6. e5 Bd7 7. Nc3 Rc8 8. Be2
 Nge7 9. h4 h5 10. Bg5 Qb6 11. a3 Na5 12. Na4 Qb3 13. Nc5 Qxd1+ 14. Rxd1 Bc6 15.
 O-O b6 16. Na6 Nf5 17. Nb4 Be7 18. Rc1 Bxg5 19. hxg5 Kd7 20. Ba6 Rc7 21. Rc3
 Ba4 22. Rxc7+ Kxc7 23. Rc1+ Kd7 24. Rc3 g6 25. Bd3 Ne7 26. Kf1 Rc8 27. Rxc8
 Kxc8 28. Ke1 Kd7 29. Nd2 Nec6 30. Nxc6 Bxc6 31. b3 Kc7 32. g3 Bd7 33. Kd1 Kb7
 34. Kc2 Nc6 35. Kc3 a6 36. Nf3 Na7 37. a4 Nc6 38. Nh4 Be8 39. Ng2 Ne7 40. Ne3
 Bd7 41. g4 hxg4 42. Nxg4 Ka7 43. Bc2 Kb7 44. b4 Ka7 45. a5 b5 46. f4 Kb7 47.
 Bd3 Kc7 48. Nh2 Nc6 49. Nf3 Bc8 50. Nd2 1/2-1/2

[Event "Summer Prague Open 2020 - A"]
 [Site "Olympik hotel, Sokolovska 138,"]
 [Date "2020.08.12"]
 [Round "6"]
 [White "Stinka, Jakub"]
 [Black "Deuer, Marius"]
 [Result "1-0"]
  [WhiteElo "2299"]
 [BlackElo "2136"]
 [PlyCount "83"]
 [EventDate "2020.08.08"]

 1. d4 Nf6 2. c4 e6 3. Nf3 b6 4. a3 Bb7 5. Nc3 d5 6. cxd5 Nxd5 7. Qc2 Nxc3 8.
 bxc3 c5 9. e4 Nd7 10. Bf4 Qc8 11. d5 exd5 12. exd5 Be7 13. c4 O-O 14. Bd3 Bf6
 15. Rb1 Re8+ 16. Be3 g6 17. O-O Ne5 18. Nxe5 Bxe5 19. a4 Qd7 20. a5 Qc7 21. g3
 Bc8 22. Rfe1 Bd7 23. Qb3 bxa5 24. Qb7 Rec8 25. Qxc7 Rxc7 26. Bd2 Bd4 27. Bxa5
 Rcc8 28. Rb7 Bh3 29. Ree7 Rab8 30. d6 Rxb7 31. Rxb7 Bf6 32. Be4 Re8 33. Bd5 Be6
 34. Bxe6 fxe6 35. d7 Rf8 36. Rc7 Bd8 37. Rxc5 Bxa5 38. Rxa5 Kf7 39. Rxa7 Ke7
 40. c5 Rf5 41. c6 Rc5 42. Ra8 1-0